Cultura geral - Statistics

Estatísticas Gerais
  • Esse quiz foi jogado 485 vezes
  • A pontuação média é 11 de 15
Estatísticas das Respostas
Hint Resposta % Correto
O maior planeta do sistema solar é? Jupiter
95%
Qual o maior oceano da terra? Pacifico
94%
Qual o nome da transformação de energia luminosaem energia quimica feita pelas plantas Fotossintese
93%
Qual o nome do navio afundado por um iceberg? Titanic
92%
Qual o nome da famosa torre que está em Paris? Eiffel
86%
Qual o nome da energia obtida pelo vento? Eolica
85%
Qual o nome do pico mais alto do mundo? Everest
84%
O vidro é feito a partir de que substancia? Areia
80%
Qual o simbolo quimico do ouro? Au
73%
Qual o nome da transformação da agua do estado liquido para o gasoso? Evaporação
66%
A capital do Vaticano é? Cidade do vaticano
61%
Quantos ossos tem o corpo humano? 206
54%
Qual a moeda da China? Yen
41%
Qual o nome do vulcão ao lado de Napoles? Vesuvio
37%
A muralha da China foi construida para se defenderem de que povo? Mongols
14%
Nenhum quiz correspondente encontrado
Distribuição das Pontuações
Porcentagem de Pessoas com Cada Pontuação
Percentil de Números Respondidos
Sua Pontuação Histórica
Você não jogou esse quiz